000 00266nam a2200109Ia 4500
008 200302s9999 xx 000 0 und d
100 _aDiane Maddex
245 _aFrank Lloyd Wright Inside and Out
260 _bPavilion Books Ltd.
260 _c1971
300 _a255 P.,
999 _c1763
_d1763